<?xml version="1.0" encoding="UTF-8"?>
<record
    xmlns:xsi="http://www.w3.org/2001/XMLSchema-instance"
    xsi:schemaLocation="http://www.loc.gov/MARC21/slim http://www.loc.gov/standards/marcxml/schema/MARC21slim.xsd"
    xmlns="http://www.loc.gov/MARC21/slim">

  <leader>01353nam a22001817a 4500</leader>
  <controlfield tag="008">121102t        xxu||||| |||| 00| 0 eng d</controlfield>
  <datafield tag="020" ind1=" " ind2=" ">
    <subfield code="a">0201144565</subfield>
  </datafield>
  <datafield tag="050" ind1=" " ind2=" ">
    <subfield code="a">QA76.9.D3.D37</subfield>
  </datafield>
  <datafield tag="100" ind1=" " ind2=" ">
    <subfield code="a">Date, C.J.</subfield>
  </datafield>
  <datafield tag="245" ind1=" " ind2=" ">
    <subfield code="a">An Introduction  to database. /</subfield>
    <subfield code="c">C.J. Date</subfield>
  </datafield>
  <datafield tag="250" ind1=" " ind2=" ">
    <subfield code="a">2nd ed.</subfield>
  </datafield>
  <datafield tag="260" ind1=" " ind2=" ">
    <subfield code="a">London:</subfield>
    <subfield code="b">Addison-Wesley Publication,</subfield>
    <subfield code="c">c1977.</subfield>
  </datafield>
  <datafield tag="300" ind1=" " ind2=" ">
    <subfield code="a">xxiii, 536 p.:</subfield>
    <subfield code="b">ill.;</subfield>
    <subfield code="c">24cm.</subfield>
  </datafield>
  <datafield tag="500" ind1=" " ind2=" ">
    <subfield code="a">Includes index.</subfield>
  </datafield>
  <datafield tag="505" ind1=" " ind2=" ">
    <subfield code="a">Contents: Database system architecture: Basic concepts -- Storage structures -- Data models and data sublanguages -- The Relational approach: The Relational data model -- A Data sublanguage based on relational calculus -- A Data sublanguage based on relational algebra -- The Data sublanguage sequel -- Query by example -- Further normalization -- The External model -- Some relational systems -- The Hierarchical approach: The Architecture of an IMS system -- The IMS data model -- The IMS external model -- The IMS data sublanguage -- IMS storage structures -- IMS logical databases -- IMS secondary indexing -- The Network approach: The Architecture of a DBTG system -- The DBTG data model -- The DBTG external model -- The DBTG data sublanguage -- Security and integrity: Security -- Integrity -- Review, analysis, and comparisons: The Three approaches revisited.</subfield>
  </datafield>
  <datafield tag="650" ind1=" " ind2=" ">
    <subfield code="b">Database systems.</subfield>
  </datafield>
  <datafield tag="942" ind1=" " ind2=" ">
    <subfield code="2">lcc</subfield>
    <subfield code="c">BK</subfield>
  </datafield>
  <datafield tag="999" ind1=" " ind2=" ">
    <subfield code="c">2499</subfield>
    <subfield code="d">9999</subfield>
  </datafield>
  <datafield tag="952" ind1=" " ind2=" ">
    <subfield code="0">0</subfield>
    <subfield code="1">0</subfield>
    <subfield code="2">lcc</subfield>
    <subfield code="4">0</subfield>
    <subfield code="7">0</subfield>
    <subfield code="a">WIUC-1</subfield>
    <subfield code="b">WIUC-1</subfield>
    <subfield code="c">REF</subfield>
    <subfield code="d">2012-11-02</subfield>
    <subfield code="l">0</subfield>
    <subfield code="o">QA76.9.D3.D37</subfield>
    <subfield code="p">6440/12</subfield>
    <subfield code="r">2012-11-02 00:00:00</subfield>
    <subfield code="w">2012-11-02</subfield>
    <subfield code="y">BK</subfield>
  </datafield>
</record>
